| 000 | 00406nam a2200157 i 4500 | ||
|---|---|---|---|
| 001 | bg | ||
| 100 | 1 | _aKOWALCZUK, Rajmund | |
| 245 | 0 |
_aPsychologia i socjologia pracy / _cRajmund Kowalczuk, Tadeusz Sieczyński. |
|
| 260 |
_aWarszawa, _c1982. |
||
| 700 | 1 | _aSIECZYŃSKI, Tadeusz | |
| 040 | _cBPK | ||
| 041 | _apol | ||
| 080 | _a316:159.9]:331 | ||
| 942 | _cKS | ||
| 008 | s pl f |000 0 pol | ||
| 999 |
_c1768 _d1768 |
||
| 856 |
_uhttp://koha.tu.koszalin.pl/cgi-bin/koha/opac-detail.pl?biblionumber=1768 _yKatalog online BPK |
||